Deutschland Quiz - Statistiken

Allgemein
  • Dieses Quiz wurde 525 mal gespielt
  • Das Durchschnittsergebnis liegt bei 10 aus 15
Antwortstatistiken
Frage Antwort % Korrekt
Wie viele Einwohner hat Deutschland? 80 mio
100%
Welcher ist der höchste Berg Deutschlands? Zugspitze
100%
Welcher Fluss bildet die Grenze zu Polen? Oder
87%
Welche Stadt gilt als älteste Stadt Deutschlands? Trier
84%
Welches Handballteam ist deutscher Rekordmeister? THW Kiel
82%
In welcher Stadt findet man die sogenannte Autostadt? Wolfsburg
79%
Welches ist das kleinste Bundesland Deutschlands? Bremen
77%
Welches Bundesland ist für seine Bratwürste und Klöße bekannt? Thüringen
77%
Welcher ist der flächenmäßig größte Landkreis? Landkreis Mecklenburgische Seenplatte
70%
In welchem Bundesland findet man die KFZ-Kennzeichen P, LDS und CA? Brandenburg
66%
Welche historische Persönlichkeit stammt aus Sachsen-Anhalt? Martin Luther
64%
Welche Kirche besitzt den höchsten Kirchturm? Ulm - Ulmer Münster
52%
Wo findet man den "Telespargel" ? Berlin
28%
Mit welchem Nachbarland teilt Deutschland die längste Grenze? Österreich
20%
Welcher Fußballverein konnte insgesamt die zweitmeisten deutschen Meisterschaften gewinnen? 1. FC Nürnberg
18%
Keine übereinstimmenden Quizze gefunden
Verteilung der Resultate
Anzahl Personen mit jedem Resultat
Perzentil nach korrekt beantworteten Fragen
Ihre Resultats-Entwicklung
Sie haben dieses Quiz noch nicht gespielt